| 000 | 00784nam a22002417a 4500 | ||
|---|---|---|---|
| 001 | 64676 | ||
| 003 | UA-OsUOA | ||
| 005 | 20220501183255.0 | ||
| 007 | ta | ||
| 008 | 20091106b un ||||| |||| 00| 0 ukr d | ||
| 040 |
_aUA-OsUOA _brus _cUA-OsUOA _dUA-OsUOA |
||
| 041 | _arus | ||
| 080 | _a94(47+57) | ||
| 090 |
_a94(47+57) _bК99 |
||
| 100 | _aКюстин М. | ||
| 245 | _aНиколаевская Россия | ||
| 260 |
_aМ. _bТерра _c1990 |
||
| 300 | _a288 с. | ||
| 520 | 3 | _aКнига маркиза де-Кюстина, известного французского путешественника и литератора, рассказывает о жизни России. | |
| 650 | 7 |
_a94(47+57) Історія Росії _2UDC |
|
| 942 |
_cBK _2udc |
||
| 955 | _a2 | ||
| 999 |
_c350627 _d350627 |
||